|
|
|
|
| LEADER |
00000nas a2200000 a 4500 |
| 001 |
ssj0000389086 |
| 003 |
WaSeSS |
| 005 |
20200512172242.0 |
| 006 |
m d |
| 007 |
cr n |
| 008 |
090218c19969999sp tr p s o 0 0spa c |
| 010 |
|
|
|a 2011235737
|
| 022 |
|
|
|l 1137-2354
|y 1137-2354
|
| 035 |
|
|
|a (WaSeSS)ssj0000389086
|
| 040 |
|
|
|a OCLCS
|b eng
|c OCLCS
|d OCLCS
|d OCLCQ
|d OCLCE
|d EYM
|d HUL
|d OCLCQ
|d OCLCF
|d OCLCQ
|d W2U
|d WaSeSS
|
| 042 |
|
|
|a pcc
|
| 043 |
|
|
|a cl-----
|
| 050 |
|
4 |
|a F1408.3
|b .G839
|
| 082 |
0 |
4 |
|a 869.05
|b GU
|2 21
|
| 130 |
0 |
|
|a Guaraguao (Barcelona, Spain : Online)
|
| 245 |
1 |
0 |
|a Guaraguao
|h [electronic resource].
|
| 260 |
|
|
|a Barcelona, España :
|b Centro de Estudios y Cooperación para América Latina,
|c 1996-
|
| 310 |
|
|
|a 3 issues yearly,
|b 2007-
|
| 321 |
|
|
|a Three issues yearly,
|b 1996-1997
|
| 321 |
|
|
|a 2 issues yearly,
|b 1998-2006
|
| 362 |
1 |
|
|a Began with Año 1, no. 1 (Invierno 1996).
|
| 506 |
|
|
|a License restrictions may limit access.
|
| 538 |
|
|
|a Mode of access: World Wide Web.
|
| 588 |
|
|
|a Description based on: Año 1, no. 1 (Invierno 1996); title from PDF cover (JSTOR, viewed June 24, 2011).
|
| 588 |
|
|
|a Latest issue consulted: Año 11, no. 26 (Winter, 2007) (JSTOR, viewed June 24, 2011).
|
| 650 |
|
0 |
|a Arts, Latin American
|v Periodicals.
|
| 650 |
|
0 |
|a Spanish American literature
|v Periodicals.
|
| 650 |
|
7 |
|a Arts, Latin American.
|2 fast
|0 (OCoLC)fst00818112
|
| 650 |
|
7 |
|a Civilization.
|2 fast
|0 (OCoLC)fst00862898
|
| 650 |
|
7 |
|a Spanish American literature.
|2 fast
|0 (OCoLC)fst01128195
|
| 651 |
|
0 |
|a Latin America
|x Civilization
|v Periodicals.
|
| 651 |
|
7 |
|a Latin America.
|2 fast
|0 (OCoLC)fst01245945
|
| 655 |
|
0 |
|a Electronic journals.
|
| 710 |
2 |
|
|a Universitat Autònoma de Barcelona.
|b Centro de Estudios y Cooperación para América Latina.
|
| 776 |
0 |
8 |
|i Print version:
|t Guaraguao (Barcelona, Spain)
|x 1137-2354
|w (DLC) 00206566
|w (OCoLC)40707937
|
| 856 |
4 |
0 |
|z Full text available from PRISMA Database with HAPI Index: 01/01/1996 to 12/31/1999
|u https://search.proquest.com/publication/23425
|
| 856 |
4 |
0 |
|z Full text available from PRISMA Database with HAPI Index: 01/01/2001 to 01/31/2016
|u https://search.proquest.com/publication/23425
|